000 00443nam a22001697a 4500
005 20180205142836.0
008 160701b xxu||||| |||| 00| 0 eng d
020 _a978-83-83746-73-6
041 _aeng
082 _b004.65
100 _aPandey Dr. U sand choudhary Dr, kavita
_93342
245 _aCloud Computing
260 _aNew Delhi
_bSultan Chand & Sons,
_c2014
300 _a386
650 _aInformation Technology
_9137
942 _cBK
999 _c4997
_d4995